Formula 1 Drivers - Sudden Death - Statistics

General Stats
  • This quiz has been taken 20,395 times
    20,377 since last reset
  • The average score is 13 of 17
Answers on the Grid
Answers color-coded by a green-red scale on the quiz's grid according to % correct below.
Fernando Alonso
Gianluigi Buffon
Jenson Button
Mike Conway
Alessandro Del Piero
Philippe Gilbert
Mika Häkkinen
Lewis Hamilton
Damon Hill
Stephen King
Niki Lauda
Charles Leclerc
Colin McRae
Daniil Medvedev
Lando Norris
Rogar Penske
Joaquin Phoenix
Nelson Piquet
Alain Prost
Kimi Räikkönen
Daniel Ricciardo
Nico Rosberg
Michael Schumacher
Andreas Seidl
Ayrton Senna
Diego Simeone
Jean Todt
Giuseppe Tornatore
Sebastian Vettel
Max Verstappen
 
Answer Stats
Answer % Correct
Fernando Alonso
93%
Lewis Hamilton
88%
Charles Leclerc
81%
Max Verstappen
81%
Lando Norris
80%
Michael Schumacher
78%
Sebastian Vettel
76%
Niki Lauda
75%
Kimi Räikkönen
74%
Ayrton Senna
73%
Daniel Ricciardo
72%
Nico Rosberg
72%
Mika Häkkinen
71%
Jenson Button
70%
Alain Prost
66%
Nelson Piquet
59%
Damon Hill
57%
No matching quizzes found
Score Distribution
Percent of People with Each Score
Percentile by Number Answered
Your Score History
You have not taken this quiz since the last reset